000 00325nam a2200133 a 4500
005 20140513081056.0
008 070202s19uu xx 00 eng d
050 _aVCD
_bCa357 2004
100 _aMyers, Mike
245 _aCat in the hat (The)/.
260 _bMagnavission,
_c2004.
500 _awith 2 discs
999 _c116503
_d116503